000 00907nam a22002417 4500
999 _c1391
_d1391
003 AR-BaISA
005 20230823141840.0
007 ta
008 230823s1969 ag a|||| |||| 000 0 spa d
040 _bspa
_cAR-BaISA
082 0 4 _222
_a150.195 P194
100 1 _93036
_aPankow, Gisela
245 1 3 _aEl hombre y su psicosis /
_cGisela Pankow
260 _aBuenos Aires:
_bAmorrortu,
_c1969
300 _a222 p.
490 1 _aBiblioteca de psicología
504 _aBibliografía 208-221.
505 _tJean Laplanche / Prólogo --
_tDatos principales de la imagen del cuerpo --
_tLa imagen del cuerpo en la psicosis marginal --
_tLa imagen del cuerpo en la esquizofrenia --
_tLa imagen del cuerpo en otras esfera --
_tImagen del cuerpo y psiquiatría teórica
650 1 0 _9141
_aPsicoanálisis
650 1 0 _9735
_aPsicosis
830 _92315
_aBiblioteca de psicología (Amorrortu)
942 _2ddc
_cLI
_e22